Statistics for Every Country Code - FIFA World Cup

Click here to take the quiz!

General Stats

  • This quiz has been taken 33 times
  • The average score is 153 of 211

Answer Stats

CountryAnswer% Correct
AfghanistanAFG
100%
AlbaniaALB
96%
AlgeriaALG
91%
AndorraAND
91%
AngolaANG
91%
ArgentinaARG
91%
ArmeniaARM
91%
AustraliaAUS
91%
BahamasBAH
91%
BangladeshBAN
91%
BelgiumBEL
91%
BeninBEN
91%
BoliviaBOL
91%
ArubaARU
87%
AzerbaijanAZE
87%
BermudaBER
87%
BhutanBHU
87%
BotswanaBOT
87%
CanadaCAN
87%
GermanyGER
87%
GhanaGHA
87%
GreeceGRE
87%
GuatemalaGUA
87%
HungaryHUN
87%
JamaicaJAM
87%
JapanJPN
87%
NorwayNOR
87%
OmanOMA
87%
PanamaPAN
87%
ParaguayPAR
87%
PeruPER
87%
PhilippinesPHI
87%
PolandPOL
87%
PortugalPOR
87%
QatarQAT
87%
SamoaSAM
87%
SwedenSWE
87%
AustriaAUT
83%
BrazilBRA
83%
BulgariaBUL
83%
ChileCHI
83%
ColombiaCOL
83%
DenmarkDEN
83%
EnglandENG
83%
SpainESP
83%
FijiFIJ
83%
FranceFRA
83%
GabonGAB
83%
GambiaGAM
83%
GeorgiaGEO
83%
GuineaGUI
83%
HaitiHAI
83%
HondurasHON
83%
IranIRN
83%
IraqIRQ
83%
ItalyITA
83%
JordanJOR
83%
KazakhstanKAZ
83%
KosovoKOS
83%
LaosLAO
83%
LesothoLES
83%
LuxembourgLUX
83%
MacauMAC
83%
MexicoMEX
83%
NamibiaNAM
83%
NepalNEP
83%
PakistanPAK
83%
RussiaRUS
83%
RwandaRWA
83%
ScotlandSCO
83%
SenegalSEN
83%
SeychellesSEY
83%
SomaliaSOM
83%
TanzaniaTAN
83%
ThailandTHA
83%
TogoTOG
83%
TunisiaTUN
83%
TurkeyTUR
83%
United Arab EmiratesUAE
83%
UgandaUGA
83%
UkraineUKR
83%
UruguayURU
83%
United StatesUSA
83%
VanuatuVAN
83%
VenezuelaVEN
83%
Saint Vincent and the GrenadinesVIN
83%
WalesWAL
83%
BelarusBLR
78%
BruneiBRU
78%
ChadCHA
78%
CameroonCMR
78%
CyprusCYP
78%
Czech RepublicCZE
78%
Dominican RepublicDOM
78%
EcuadorECU
78%
EgyptEGY
78%
EritreaERI
78%
EthiopiaETH
78%
GibraltarGIB
78%
GuyanaGUY
78%
IndiaIND
78%
KenyaKEN
78%
KuwaitKUW
78%
LiechtensteinLIE
78%
MyanmarMYA
78%
NigerNIG
78%
New ZealandNZL
78%
Papua New GuineaPNG
78%
SerbiaSRB
78%
TahitiTAH
78%
UzbekistanUZB
78%
VietnamVIE
78%
YemenYEM
78%
ZambiaZAM
78%
ZimbabweZIM
78%
BelizeBLZ
74%
CambodiaCAM
74%
ChinaCHN
74%
ComorosCOM
74%
CroatiaCRO
74%
EstoniaEST
74%
FinlandFIN
74%
GrenadaGRN
74%
IsraelISR
74%
South KoreaKOR
74%
LibyaLBY
74%
MadagascarMAD
74%
South AfricaRSA
74%
SudanSDN
74%
El SalvadorSLV
74%
SurinameSUR
74%
SlovakiaSVK
74%
SyriaSYR
74%
BahrainBHR
70%
CubaCUB
70%
DjiboutiDJI
70%
Equatorial GuineaEQG
70%
Republic of IrelandIRL
70%
Saudi ArabiaKSA
70%
LebanonLBN
70%
LiberiaLBR
70%
MoroccoMAR
70%
MaliMLI
70%
MozambiqueMOZ
70%
NetherlandsNED
70%
NigeriaNGA
70%
Northern IrelandNIR
70%
Saint Kitts and NevisSKN
70%
Solomon IslandsSOL
70%
SloveniaSVN
70%
TajikistanTJK
70%
Cayman IslandsCAY
65%
CongoCGO
65%
Costa RicaCRC
65%
GuamGUM
65%
IcelandISL
65%
MaldivesMDV
65%
MaltaMLT
65%
MalawiMWI
65%
SingaporeSGP
65%
Sri LankaSRI
65%
São Tomé and PríncipeSTP
65%
SwitzelrandSUI
65%
TongaTGA
65%
American SamoaASA
61%
BurundiBDI
61%
Bosnia and HerzegovinaBIH
61%
BarbadosBRB
61%
Ivory CoastCIV
61%
NicaraguaNCA
61%
New CaledoniaNCL
61%
Puerto RicoPUR
61%
South SudanSSD
61%
Burkina FasoBFA
57%
Cook IslandsCOK
57%
Cape VerdeCPV
57%
Hong KongHKG
57%
LatviaLVA
57%
MauritaniaMTN
57%
Sierra LeoneSLE
57%
San MarinoSMR
57%
EswatiniSWZ
57%
TurkmenistanTKM
57%
IndonesiaIDN
52%
KyrgyzstanKGZ
52%
MoldovaMDA
52%
North MacedoniaMKD
52%
MongoliaMNG
52%
RomaniaROU
52%
Trinidad and TobagoTRI
52%
LithuaniaLTU
48%
North KoreaPRK
48%
Turks and Caicos IslandsTCA
48%
United States Virgin IslandsVIR
48%
Central African RepublicCTA
43%
DominicaDMA
43%
Guinea-BissauGNB
43%
MontenegroMNE
43%
MontserratMSR
39%
PalestinePLE
39%
AnguillaAIA
35%
Faroe IslandsFRO
35%
MalaysiaMAS
35%
Timor-LesteTLS
35%
Antigua and BarbudaATG
30%
DR CongoCOD
30%
CuraçaoCUW
30%
Saint LuciaLCA
30%
MauritiusMRI
30%
Chinese TaipeiTPE
26%
British Virgin IslandsVGB
26%

Score Distribution

Percentile by Number Answered

Percent of People with Each Score

Your Score History

You have not taken this quiz